000 00730aas a2200217 4500
999 _c2876
_d2876
003 BR-BrBNA
005 20230317233627.0
007 ta
008 230119b bl ||||| |||| 00| 0 por d
035 _a000485-5
040 _aBR-BrBNA
_bPor
_cBR-BrBNA
042 _a030595-2
044 _abl
245 _aEstrutura da Pesca - Ministério da Agricultura - Equipe Técnica de Estatística Agropecuária (Brazil)
260 _aRio de Janeiro-RJ
_bEquipe Técnica de Estatística Agropecuária
_c1967. Data final de publicação em 1968
_eBRJ
310 _aanual
500 _aEquipe Técnica de Estatística é o antigo Serviço de Estatística da Produção do M.A
505 _a1967-68;
909 _a56
_bSergio Santos
_c56
_dSergio Santos
942 _cCR
_2AGRIS